| 000 | 01006nam a2200301 i 4500 | ||
|---|---|---|---|
| 001 | bg | ||
| 245 | 0 | 0 |
_aMaroko / _c[ed. Dorothy Stannard ; przygot. ed. pol. Bogdan Rudnicki ; tł. Alina Szczęch, Beata Śmietana]. |
| 246 |
_iTyt. oryg.: _aMorocco |
||
| 260 |
_aWarszawa : _bMediaprofit, _c2006. |
||
| 300 |
_a357, [1] s. : _bfot., il. kolor., mapy, pl. ; _c23 cm. |
||
| 490 | 1 |
_aBiblioteka Gazety Wyborczej. Podróże Marzeń ; _v21 |
|
| 500 | _aTyt. oryg.: "Morocco" 2005. Mapa i plan na wyklejkach. | ||
| 504 | _aIndeks. | ||
| 651 | 9 | _aMaroko | |
| 655 | _aPrzewodniki turystyczne | ||
| 700 | 1 |
_aSTANNARD, Dorothy. _eRed. |
|
| 700 | 1 |
_aRUDNICKI, Bogdan. _eOprac. |
|
| 700 | 1 |
_aSZCZĘCH, Alina. _eTł. |
|
| 700 | 1 |
_aŚMIETANA, Beata. _eTł. |
|
| 830 | 0 |
_aBiblioteka Gazety Wyborczej.. _pPodróże Marzeń |
|
| 020 | _a8360174210 | ||
| 040 | _cBPK | ||
| 041 | 1 |
_apol _heng |
|
| 080 | _a913(64)(036) | ||
| 920 | _a83-60174-21-0 | ||
| 942 | _cKS | ||
| 008 | s pl f |000 0 pol | ||
| 999 |
_c51676 _d51676 |
||
| 856 |
_uhttp://koha.tu.koszalin.pl/cgi-bin/koha/opac-detail.pl?biblionumber=51676 _yKatalog online BPK |
||